[Event "FRM-ch op"]
[Site "Skopje"]
[Date "2023.05.11"]
[Round "9"]
[White "Linkinoski, Borce"]
[Black "Kalin, Andrei"]
[Result "0-1"]
[WhiteElo "1382"]
[BlackElo "1508"]
[PlyCount "84"]
[EventDate "2023.05.04"]
[EventType "swiss"]
[EventRounds "9"]
[EventCountry "MKD"]
[SourceTitle "CBM 214 Extra"]
[Source "ChessBase"]
[SourceDate "2023.07.31"]
[SourceVersion "1"]
[SourceVersionDate "2023.07.31"]
[SourceQuality "1"]

1. d4 Nf6 2. c4 e6 3. Nf3 b6 4. Nc3 Bb4 5. Bg5 Bb7 6. e3 Bxc3+ 7. bxc3 d6 8. Bd3 Nbd7 9. 0-0 0-0 10. Re1 h6 11. Bh4 Re8 12. e4 g5 13. Bg3 Nh5 14. Nd2 Nxg3 15. hxg3 e5 16. f4 Qf6 17. Nf3 exf4 18. gxf4 Qxf4 19. d5 Ne5 20. Nxe5 Qxe5 21. Qf3 f6 22. Qh5 Kg7 23. Rac1 Rf8 24. Rf1 Bc8 25. Qd1 Bd7 26. Qc2 h5 27. Qd2 h4 28. Rce1 h3 29. Rf5 Bxf5 30. exf5 Qg3 31. Bf1 hxg2 32. Bxg2 Rf7 33. Re3 Qf4 34. Qe2 Rh8 35. Bf3 Rh3 36. Re7 Qxf3 37. Rxf7+ Kxf7 38. Qe6+ Kg7 39. Qe7+ Kh6 40. Qxf6+ Kh5 41. Qh8+ Kg4 42. Qd4+ Kg3 0-1

[Event "FRM-ch op"]
[Site "Skopje"]
[Date "2023.05.10"]
[Round "8"]
[White "Kalin, Andrei"]
[Black "Stojcheski, Aleksandar"]
[Result "1/2-1/2"]
[WhiteElo "1508"]
[BlackElo "1258"]
[PlyCount "45"]
[EventDate "2023.05.04"]
[EventType "swiss"]
[EventRounds "9"]
[EventCountry "MKD"]
[SourceTitle "CBM 214 Extra"]
[Source "ChessBase"]
[SourceDate "2023.07.31"]
[SourceVersion "1"]
[SourceVersionDate "2023.07.31"]
[SourceQuality "1"]

1. e4 e5 2. Nf3 Nc6 3. Nc3 Nf6 4. Bc4 Nxe4 5. Nxe4 d5 6. Bb5 dxe4 7. Nxe5 Qd5 8. Nxc6 Qxb5 9. Nd4 Qb6 10. Nb3 a5 11. Qe2 Bf5 12. d3 Bg6 13. dxe4 0-0-0 14. Be3 Qb4+ 15. c3 Qxe4 16. 0-0 a4 17. Nd2 Qc2 18. Rfc1 Qxb2 19. Qg4+ Kb8 20. Qxa4 Qa3 21. Qb3 Bd6 22. Nc4 Qxb3 23. axb3 1/2-1/2

[Event "FRM-ch op"]
[Site "Skopje"]
[Date "2023.05.06"]
[Round "4"]
[White "Trajkovski, Mile"]
[Black "Kalin, Andrei"]
[Result "1-0"]
[WhiteElo "1932"]
[BlackElo "1508"]
[PlyCount "52"]
[EventDate "2023.05.04"]
[EventType "swiss"]
[EventRounds "9"]
[EventCountry "MKD"]
[SourceTitle "CBM 214 Extra"]
[Source "ChessBase"]
[SourceDate "2023.07.31"]
[SourceVersion "1"]
[SourceVersionDate "2023.07.31"]
[SourceQuality "1"]

1. e4 c6 2. Nf3 d5 3. Nc3 dxe4 4. Nxe4 Bf5 5. Ng3 Bg6 6. h4 h6 7. Bc4 Nd7 8. d4 e6 9. Qe2 Ngf6 10. h5 Bh7 11. Bb3 Qc7 12. Ne5 Nxe5 13. dxe5 Nd5 14. Bd2 a5 15. a3 Bc5 16. c4 Ne7 17. Bc3 a4 18. Bc2 Bxc2 19. Qxc2 Qb6 20. Ne4 0-0 21. 0-0-0 Nf5 22. Nxc5 Qxc5 23. g4 Qxc4 24. gxf5 exf5 25. Qxf5 b5 26. Rd4 Qe2 1-0

[Event "FRM-chT2 Gp-B"]
[Site "Ohrid"]
[Date "2022.07.23"]
[Round "5.5"]
[White "Ibrahimi, Besnik"]
[Black "Kalin, Andrei"]
[Result "1/2-1/2"]
[WhiteElo "1765"]
[BlackElo "1625"]
[PlyCount "67"]
[EventDate "2022.07.21"]
[EventType "team-tourn"]
[EventRounds "5"]
[EventCountry "MKD"]
[SourceTitle "CBM 210 Extra"]
[Source "ChessBase"]
[SourceDate "2022.11.30"]
[SourceVersion "1"]
[SourceVersionDate "2022.11.30"]
[SourceQuality "1"]
[WhiteTeam "Teuta Matejce"]
[BlackTeam "MSK Centar"]
[WhiteTeamCountry "MKD"]
[BlackTeamCountry "MKD"]

1. Nf3 Nf6 2. c4 e6 3. d4 b6 4. Bg5 Be7 5. Nc3 0-0 6. e4 h6 7. Be3 Bb7 8. Bd3 d6 9. h3 Nbd7 10. 0-0 c5 11. d5 e5 12. Ne2 Nh7 13. Ng3 Ng5 14. Nh2 Bc8 15. Nf5 Nf6 16. Ng3 a6 17. f4 exf4 18. Bxf4 Qc7 19. Nf3 Nxf3+ 20. Qxf3 Nh7 21. Rae1 Bf6 22. b3 Bd4+ 23. Kh1 f6 24. Qh5 Bd7 25. Nf5 Bxf5 26. exf5 Be5 27. Bc1 a5 28. Re4 Qf7 29. Qe2 Ra7 30. Bd2 Kh8 31. Rg4 Ng5 32. Bf4 Re8 33. Bxg5 fxg5 34. a4 1/2-1/2

[Event "FRM-ch U14"]
[Site "Struga"]
[Date "2022.06.22"]
[Round "5"]
[White "Nikolovski, Mihail1111"]
[Black "Kalin, Andrei"]
[Result "1-0"]
[WhiteElo "1101"]
[BlackElo "1707"]
[PlyCount "121"]
[EventDate "2022.06.18"]
[EventType "swiss"]
[EventRounds "8"]
[EventCountry "MKD"]
[SourceTitle "EXT 2023"]
[Source "ChessBase"]
[SourceDate "2022.10.05"]
[SourceVersion "1"]
[SourceVersionDate "2022.10.05"]
[SourceQuality "1"]

1. e4 c5 2. Nf3 d6 3. d4 cxd4 4. Nxd4 Nf6 5. Nc3 Nc6 6. Be3 e5 7. Nf3 h6 8. Bc4 Be7 9. h3 a6 10. a3 b5 11. Bb3 0-0 12. Qd2 Bb7 13. 0-0-0 Na5 14. Bd5 Bxd5 15. Nxd5 Nc4 16. Nxf6+ Bxf6 17. Qd3 Qa5 18. Nd2 Nxe3 19. fxe3 Rfe8 20. Qd5 Rac8 21. Nb3 Qb6 22. Qd3 Bg5 23. Rde1 Qc6 24. Rd1 Bxe3+ 25. Kb1 Bg5 26. h4 Be7 27. Rd2 Qc4 28. Qe3 Qe6 29. g4 Qf6 30. Qg3 Qg6 31. Qg2 Rc4 32. Re2 Rec8 33. Rh2 Bd8 34. Qf3 Bb6 35. g5 h5 36. Rhg2 a5 37. Na1 b4 38. a4 R8c7 39. Rd2 Rd7 40. Rge2 Rdc7 41. Qd3 R4c6 42. Qf3 Rc4 43. Qd3 Rd4 44. Qf3 Rxd2 45. Rxd2 Rc4 46. Re2 Kh8 47. Nb3 Kg8 48. Na1 Kh8 49. Nb3 Kg8 50. Qd3 Qe6 51. Rd2 Bc7 52. Qf3 Qg4 53. Qf5 Qxf5 54. exf5 Rxh4 55. Rd5 Rh1+ 56. Ka2 Kh7 57. Nxa5 e4 58. Nc4 h4 59. Ne3 Bb6 60. g6+ Kh6 61. gxf7 1-0

[Event "EU-ch Hybrid U12"]
[Site "Tornelo INT"]
[Date "2021.10.15"]
[Round "1"]
[White "Kalin, Andrei"]
[Black "Novozhilov, Semen"]
[Result "0-1"]
[WhiteElo "1489"]
[BlackElo "2106"]
[PlyCount "48"]
[EventDate "2021.10.15"]
[EventType "swiss"]
[EventRounds "9"]
[EventCountry "NET"]
[SourceTitle "EXT 2023"]
[Source "ChessBase"]
[SourceDate "2022.10.05"]
[SourceVersion "1"]
[SourceVersionDate "2022.10.05"]
[SourceQuality "1"]
[WhiteTeam "Macedonia"]
[BlackTeam "Russia"]
[WhiteTeamCountry "MKD"]
[BlackTeamCountry "RUS"]

1. e4 e6 2. d4 d5 3. Nd2 c5 4. exd5 exd5 5. Ngf3 Nf6 6. Be2 Nc6 7. dxc5 Bxc5 8. Nb3 Bb6 9. Nbd4 0-0 10. 0-0 Ne4 11. Be3 Re8 12. c3 a6 13. Nd2 Nxd4 14. Bxd4 Bxd4 15. cxd4 Qb6 16. Nxe4 Rxe4 17. Bd3 Rxd4 18. Qc2 g6 19. Rfe1 Be6 20. Rac1 Rc8 21. Qe2 Rc5 22. Qe3 Rxc1 23. Rxc1 Qxb2 24. Rb1 Qxb1+ 0-1

[Event "EU-ch Hybrid U12"]
[Site "Tornelo INT"]
[Date "2021.10.15"]
[Round "8"]
[White "Kalin, Andrei"]
[Black "Toktomushev, Teimur"]
[Result "1/2-1/2"]
[WhiteElo "1489"]
[BlackElo "1988"]
[PlyCount "76"]
[EventDate "2021.10.15"]
[EventType "swiss"]
[EventRounds "9"]
[EventCountry "NET"]
[SourceTitle "EXT 2023"]
[Source "ChessBase"]
[SourceDate "2022.10.05"]
[SourceVersion "1"]
[SourceVersionDate "2022.10.05"]
[SourceQuality "1"]
[WhiteTeam "Macedonia"]
[BlackTeam "Ukraine"]
[WhiteTeamCountry "MKD"]
[BlackTeamCountry "UKR"]

1. e4 c5 2. Nf3 e6 3. c3 d5 4. exd5 Qxd5 5. d4 Nf6 6. Be2 Nc6 7. Be3 cxd4 8. cxd4 Be7 9. Nc3 Qd8 10. 0-0 0-0 11. h3 Bd7 12. d5 exd5 13. Nxd5 Bf5 14. Nxe7+ Qxe7 15. Qb3 Be6 16. Qc2 Rfc8 17. Qa4 Nd5 18. Bg5 f6 19. Bh4 Qb4 20. Qxb4 Ndxb4 21. a3 Nc2 22. Rac1 N2d4 23. Nxd4 Nxd4 24. Bd3 Kf7 25. f3 Nb3 26. Rxc8 Rxc8 27. Bf2 b6 28. Rd1 Nc5 29. Bc2 Nd7 30. Bb3 Ne5 31. Ba4 Rc4 32. Bb3 Rf4 33. Bxe6+ Kxe6 34. Bg3 Rc4 35. Bxe5 fxe5 36. Rd2 e4 37. Kf2 exf3 38. Kxf3 Rc7 1/2-1/2

[Event "FRM-ch op"]
[Site "Struga"]
[Date "2021.07.25"]
[Round "3"]
[White "Jancev, Valentin"]
[Black "Kalin, Andrei"]
[Result "1/2-1/2"]
[WhiteElo "1772"]
[BlackElo "1369"]
[PlyCount "45"]
[EventDate "2021.07.24"]
[EventType "swiss"]
[EventRounds "9"]
[EventCountry "MKD"]
[SourceTitle "CBM 203 Extra"]
[Source "ChessBase"]
[SourceDate "2021.09.30"]
[SourceVersion "1"]
[SourceVersionDate "2021.09.30"]
[SourceQuality "1"]

1. d4 d5 2. Nf3 Nf6 3. Bf4 e6 4. e3 Bd6 5. Bg3 0-0 6. Bd3 b6 7. c3 Bb7 8. Qc2 Nbd7 9. Nbd2 Be7 10. 0-0 c5 11. Rfe1 Rc8 12. Ne5 c4 13. Be2 Nxe5 14. Bxe5 b5 15. a3 Nd7 16. Bg3 Nb6 17. e4 dxe4 18. Nxe4 Nd5 19. h3 Nf6 20. Bf3 Bd5 21. Qe2 Re8 22. Nxf6+ Bxf6 23. Bxd5 1/2-1/2